ENNVIRONMENT AND WELFARE (Record no. 15059)

MARC details
000 -LEADER
fixed length control field 00369nam a22001577a 4500
003 - CONTROL NUMBER IDENTIFIER
control field OSt
005 - DATE AND TIME OF LATEST TRANSACTION
control field 20211026152550.0
008 - FIXED-LENGTH DATA ELEMENTS--GENERAL INFORMATION
fixed length control field 211026b |||||||| |||| 00| 0 eng d
020 ## - INTERNATIONAL STANDARD BOOK NUMBER
International Standard Book Number 033391984
040 ## - CATALOGING SOURCE
Original cataloging agency HU
Transcribing agency DDC
082 ## - DEWEY DECIMAL CLASSIFICATION NUMBER
Classification number 361.61
245 ## - TITLE STATEMENT
Title ENNVIRONMENT AND WELFARE
260 ## - PUBLICATION, DISTRIBUTION, ETC.
Place of publication, distribution, etc. MACRMILLAN
Name of publisher, distributor, etc. PALGRAVE
Date of publication, distribution, etc. 2002
300 ## - PHYSICAL DESCRIPTION
Extent XII,224P18CM
942 ## - ADDED ENTRY ELEMENTS (KOHA)
Source of classification or shelving scheme Dewey Decimal Classification
Koha item type Books like text book referance book
Suppress in OPAC No
Holdings
Withdrawn status Lost status Source of classification or shelving scheme Damaged status Not for loan Home library Current library Shelving location Date acquired Total Checkouts Full call number Barcode Date last seen Copy number Price effective from Koha item type
    Dewey Decimal Classification     Law & Governance lLbrary Law & Governance lLbrary General Stacks 10/26/2021   361.61/ENV LGCLIB0001580 10/26/2021 C1 10/26/2021 Books like text book referance book